|
|
|
|
| LEADER |
00915nam a22002297a 4500 |
| 001 |
BD-DhAAL |
| 003 |
BD-DhAAL |
| 005 |
20190121120357.0 |
| 008 |
160208s 2002bg ||||| |||| 00| 0 ben d |
| 999 |
|
|
|c 36810
|d 36810
|
| 020 |
|
|
|a 9848140301
|
| 040 |
|
|
|a BD-DhAAL
|c BD-DhAAL
|
| 082 |
|
|
|a 891.44209
|
| 245 |
|
|
|a মহাভারত কিশোরকাহিনী /
|c সম্পাদনা নূরুননাহার নীরু
|
| 250 |
|
|
|a 1st ed.
|
| 260 |
|
|
|a ঢাকা :
|b সূচীপত্র,
|c ২০০২.
|
| 300 |
|
|
|a ৭৯ পৃ. ;
|c ২২ সে.মি.
|
| 541 |
|
|
|e 6813
|
| 650 |
|
|
|a Bengali drama
|x History and criticism.
|9 17877
|
| 700 |
|
|
|a নীরু, নূরুননাহার
|9 17878
|
| 942 |
|
|
|2 ddc
|c BK
|
| 952 |
|
|
|0 0
|1 0
|2 ddc
|4 0
|6 891_442090000000000_MAH
|7 0
|9 57934
|a SCL
|b SCL
|c GEN
|d 2016-02-08
|g 50.00
|l 9
|m 11
|o 891.44209 MAH
|p 3020006813
|r 2026-04-23
|s 2025-02-17
|t 1
|w 2016-02-08
|y BK
|